|
|
|
|
| LEADER |
01291nab#a2200397#ar4500 |
| 001 |
000048713 |
| 003 |
SVKKK |
| 005 |
20040628103227.0 |
| 008 |
040622c2003 xo e eng |
| FMT |
|
|
|
| 015 |
|
|
|a SNBRB2004/06-18418
|
| 038 |
|
|
|a SVKKK
|
| 040 |
|
|
|a SVKKK
|b slo
|e AACR2
|
| 041 |
0 |
|
|a eng
|b eng
|
| 044 |
|
|
|a xo
|c SK
|
| 080 |
|
|
|a 543.573
|2 1997
|
| 080 |
|
|
|a 549
|2 1997
|
| 080 |
|
|
|a 551.312.4:549
|2 1997
|
| 100 |
1 |
|
|a Ružičková, Silvia
|4 aut
|
| 242 |
1 |
0 |
|a Kvalita niektorých východoslovenských jazerných sedimentov
|
| 245 |
1 |
0 |
|a Quality of some East-Slovakian lake sediments
|c Silvia Ružičková, Mikuláš Matherny
|
| 300 |
|
|
|b Obr.
|
| 504 |
|
|
|a Bibliogr. odkazy
|
| 504 |
|
|
|a Res. angl.
|
| 650 |
0 |
4 |
|a sedimenty jazerné
|x mineralógia
|x termogravimetria
|z Bukovec (Slovensko : vodné dielo)
|z Veľká Domaša (Slovensko : vodné dielo)
|
| 651 |
|
4 |
|a Bukovec (Slovensko : vodné dielo)
|x sedimenty jazerné
|
| 651 |
|
4 |
|a Veľká Domaša (Slovensko : vodné dielo)
|x sedimenty jazerné
|
| 700 |
1 |
|
|a Matherny, Mikuláš
|4 aut
|
| 773 |
0 |
|
|t Slovak geological magazine
|x 1335-096X
|g Roč. 9, č. 2-3 (2003), s. 167-170
|
| 958 |
|
|
|a NB
|
| 958 |
|
|
|a SK
|
| 992 |
|
|
|a RBX
|
| 997 |
|
|
|b Domaša p. Veľká Domaša
|
| BAS |
|
|
|
| 852 |
|
|
|a SVKKK
|b BIB
|
| 998 |
|
|
|a GEO
|